Rivers through US State Capitals - Statistics

General Stats
  • This quiz has been taken 59 times
  • The average score is 22 of 47
Answer Stats
State Capital River Length % Correct
Baton Rouge, Louisiana Mississippi 3,766km
95%
Saint Paul, Minnesota Mississippi 3,766km
95%
Albany, New York Hudson 507km
92%
Bismarck, North Dakota Missouri 3,767km
92%
Helena, Montana Missouri 3,767km
92%
Jefferson City, Missouri Missouri 3,767km
92%
Pierre, South Dakota Missouri 3,766km
92%
Austin, Texas Colorado 2,330km
87%
Little Rock, Arkansas Arkansas 2,364km
85%
Trenton, New Jersey Delaware 484km
79%
Hartford, Connecticut Connecticut 660km
64%
Sacramento, California Sacramento 640km
62%
Harrisburg, Pennsylvania Susquehanna 715km
62%
Topeka, Kansas Kansas 238km
59%
Springfield, Illinois Illinois 439km
54%
Salem, Oregon Willamette 301km
54%
Boston, Massachusetts Charles 129km
51%
Nashville, Tennessee Cumberland 1,107km
51%
Atlanta, Georgia Chattahoochee 690km
49%
Richmond, Virginia James 560km
49%
Oklahoma City, Oklahoma Oklahoma 11km
49%
Montgomery, Alabama Alabama 512km
46%
Denver, Colorado South Platte 707km
46%
Frankfort, Kentucky Kentucky 423km
44%
Boise, Idaho Boise 164km
38%
Des Moines, Iowa Des Moines 845km
38%
Lincoln, Nebraska Salt 71km
38%
Phoenix, Arizona Salt 320km
38%
Indianapolis, Indiana White 583km
38%
Lansing, Michigan Grand 406km
31%
Salt Lake City, Utah Jordan 83km
31%
Annapolis, Maryland Severn 23km
31%
Concord, New Hampshire Merrimack 188km
28%
Augusta, Maine Kennebec 270km
26%
Santa Fe, New Mexico Santa Fe 74km
26%
Columbus, Ohio Scioto 372km
26%
Jackson, Mississippi Pearl 715km
21%
Montpelier, Vermont Winooski 145km
15%
Cheyenne, Wyoming Crow 246km
13%
Olympia, Washington Deschutes 80km
13%
Charleston, West Virginia Elk 277km
13%
Dover, Delaware Saint Jones 21km
13%
Madison, Wisconsin Yahara 100km
13%
Columbia, South Carolina Saluda 320km
10%
Providence, Rhode Island Woonasquatucket 25km
10%
Juneau, Alaska Gold N/A
8%
Carson City, Nevada Carson River 211km
5%
No matching quizzes found
Score Distribution
Percent of People with Each Score
Percentile by Number Answered
Your Score History
You have not taken this quiz